Campaign launched to dispel access 'myths' (Record no. 73493)
[ view plain ]
| 000 -LEADER | |
|---|---|
| fixed length control field | 01145cam a2200205 4500 |
| 001 - CONTROL NUMBER | |
| control field | WB3937-01 |
| 008 - FIXED-LENGTH DATA ELEMENTS--GENERAL INFORMATION | |
| fixed length control field | 030930n2003 000 0 eng u |
| 035 ## - SYSTEM CONTROL NUMBER | |
| System control number | (Sirsi) u123765 |
| 245 ## - TITLE STATEMENT | |
| Title | Campaign launched to dispel access 'myths' |
| 260 ## - PUBLICATION, DISTRIBUTION, ETC. | |
| Date of publication, distribution, etc. | 2003 |
| 490 ## - SERIES STATEMENT | |
| Series statement | Disability Rights Commission News Release |
| Volume/sequential designation | 22 September 2003 (3) |
| 520 ## - SUMMARY, ETC. | |
| Summary, etc. | The Disability Rights Commission has launched a campaign aimed at dispelling the myth that making buildings more accessible will be too costly. The "Open 4 all" campaign highlights that adapting buildings need not threaten their historical character and can actually boost business. New legislation is due to come into effect on 1 October 2004. Copies of the report are available to download from http://www.drc-gb.org/uploaded_files/documents/20_528_03-09factmyths.doc. http://www.drc-gb.org/newsroom/newsdetails.asp?id=528§ion=1 |
| 590 ## - LOCAL NOTE (RLIN) | |
| Local note | WB |
| 650 ## - SUBJECT ADDED ENTRY--TOPICAL TERM | |
| Topical term or geographic name entry element | MANAGEMENT-BUSINESS MANAGEMENT-DISCRIMINATION-DISABILITY DISCRIMINATION-ACCESSIBILITY |
| 650 ## - SUBJECT ADDED ENTRY--TOPICAL TERM | |
| Topical term or geographic name entry element | DISABILITY RIGHTS COMMISSION |
| 650 ## - SUBJECT ADDED ENTRY--TOPICAL TERM | |
| Topical term or geographic name entry element | HERITAGE |
| 650 ## - SUBJECT ADDED ENTRY--TOPICAL TERM | |
| Topical term or geographic name entry element | ADAPTATION |
| 690 ## - LOCAL SUBJECT ADDED ENTRY--TOPICAL TERM (OCLC, RLIN) | |
| Topical term or geographic name as entry element | BUILT ENVIRONMENT |
| 942 ## - ADDED ENTRY ELEMENTS (KOHA) | |
| Suppress in OPAC | 0 |
| Withdrawn status | Lost status | Source of classification or shelving scheme | Damaged status | Not for loan | Home library | Current library | Shelving location | Date acquired | Total Checkouts | Full call number | Barcode | Date last seen | Copy number | Price effective from | Koha item type |
|---|---|---|---|---|---|---|---|---|---|---|---|---|---|---|---|
| Dewey Decimal Classification | London | London | News article | 30/09/2003 | WB3937-01 | 123765-1001 | 06/08/2019 | 1 | 06/08/2019 | News article |